[Event "Mondiale Lampo FIDE 2018"]
[Site "San Pietroburgo"]
[Date "30.12.2018"]
[Round "19.2"]
[White "Duda, Jan-Krzysztof"]
[Black "Giri, Anish"]
[Result "1/2-1/2"]
[WhiteElo "2738"]
[BlackElo "2783"]
[Annotator "TA"]
[PlyCount "111"]
[EventDate "2018.??.??"]

1. d4 d5 2. Bf4 Nf6 3. e3 e6 4. Nd2 Bd6 5. Bg3 O-O 6. Ngf3 b6 7. c3 c5 8. Bd3
Ba6 9. Bxa6 Nxa6 10. O-O Bxg3 11. hxg3 Qc7 12. Qe2 Nb8 13. e4 dxe4 14. Nxe4
Nbd7 15. Rad1 Rad8 16. Rfe1 Nxe4 17. Qxe4 Nf6 18. Qe2 cxd4 19. Nxd4 Qb7 20. Qf3
Qxf3 21. gxf3 Rd7 22. Nc6 Rc7 23. Ne5 h5 24. Rd4 g6 25. c4 Rfc8 26. b4 Kg7 27.
Kg2 Ng8 28. Red1 Ne7 29. Rd7 g5 30. R1d4 Kf6 31. Rxc7 Rxc7 32. Rd7 Rxd7 33.
Nxd7+ Kf5 34. b5 e5 35. c5 Nd5 36. a4 Ke6 37. c6 Kd6 38. Kf1 Nc3 39. Nxe5 f6
40. Nc4+ Kc7 41. Nb2 Kd6 42. Ke1 h4 43. Kf1 Nd5 44. Nd3 Nc3 45. Nb2 Nd5 46. Kg2
Kc7 47. Kh3 f5 48. gxh4 Nf4+ 49. Kg3 Ne2+ 50. Kh2 gxh4 51. Kh3 Ng1+ 52. Kxh4
Nxf3+ 53. Kg3 Nd4 54. Kf4 Kd6 55. Nc4+ Kc5 56. Ke5 1/2-1/2